BSOP header

吳勇全集31-其它卷 Wu Yung sermon's collections : special topics {ch} / (Record no. 17715)

MARC details
000 -LEADER
fixed length control field 00355nam a2200109 4500
008 - FIXED-LENGTH DATA ELEMENTS--GENERAL INFORMATION
fixed length control field 030319s2000 ch chi
020 ## - INTERNATIONAL STANDARD BOOK NUMBER
International Standard Book Number 9579478260
090 ## - LOCALLY ASSIGNED LC-TYPE CALL NUMBER (OCLC); LOCAL CALL NUMBER (OCLC)
Classification number (OCLC) (R) ; Classification number, CALL (RLIN) (NR) BV4254.C5
Local cutter number (OCLC) ; Book number/undivided call number, CALL (RLIN) W95
-- 2000
100 1# - MAIN ENTRY--PERSONAL NAME
Personal name 吳勇 Wu, Yung
245 10 - TITLE STATEMENT
Title 吳勇全集31-其它卷 Wu Yung sermon's collections : special topics {ch} /
Statement of responsibility, etc 吳勇 Yung Wu.
260 ## - PUBLICATION, DISTRIBUTION, ETC. (IMPRINT)
Place of publication, distribution, etc Taipei :
Name of publisher, distributor, etc 榮神實業,
Holdings
Withdrawn status Lost status Source of classification or shelving scheme Damaged status Not for loan Home library Current library Shelving location Date acquired Serial Enumeration / chronology Accession number Shelving control number Total Checkouts Full call number Barcode Date last seen Price effective from Koha item type Copy number
    Library of Congress Classification     BSOP Library BSOP Library Chinese Books (General Circulation) 12/21/2000 v.XXXI C-4577 127   BV4254.C5 W95 2000 v.XXXI 00025497 02/23/2013 02/23/2013 Books  
    Library of Congress Classification     BSOP Library BSOP Library Chinese Books (General Circulation) 07/04/2015 v.XXXI C-14512     BV4254.C5 W95 2000 v.XXXI c.2 00046916 07/04/2015 07/04/2015 Books c.2
BSOP

Biblical Seminary of the Philippines
  All rights Reserved
  © 2024

CONTACT INFORMATION

Biblical Seminary of the Philippines,
  77-B Karuhatan Road, Valenzuela City,
  PHILIPPINES 1441
  Phone: +632 8292-6795 / 8292-6798
  Fax : +632 8292-6675
  Email: library@bsop.edu.ph